| 000 | 00698nam a2200157Ia 4500 | ||
|---|---|---|---|
| 008 | 090124s9999 xx 000 0 und d | ||
| 082 | _b34310 | ||
| 245 | _a डॉ.बाबासाहेब आंबेडकरांची निवडक भाषणे (भा.1ला 1920-1926) | ||
| 250 | _a2 | ||
| 260 | _c2007 | ||
| 300 | _a228 | ||
| 630 | _a डॉ.बाबासाहेब आंबेडकरांची निवडक भाषणे (भा.1ला 1920-1926) | ||
| 700 | _aसुरवाडे विजय | ||
| 730 | _a डॉ.बाबासाहेब आंबेडकरांची निवडक भाषणे (भा.1ला 1920-1926) | ||
| 942 | _cBOOK | ||
| 999 |
_c198257 _d198257 |
||